| 000 | 00464nam a2200193Ia 4500 | ||
|---|---|---|---|
| 005 | 20250423100702.0 | ||
| 008 | 250422s9999 xx 000 0 und d | ||
| 020 | _a9757388467 | ||
| 050 | _aBP 75 .G8513/ | ||
| 100 | _aGülen, M. Fethullah | ||
| 245 | 0 | _aProphet Muhammad as commander | |
| 250 | _a2nd ed. | ||
| 260 | _aİzmir | ||
| 260 | _bKaynak | ||
| 260 | _c1998 | ||
| 300 | _a124 p | ||
| 650 | _aMuhammad, Prophet, d. 632 _ Biography | ||
| 942 | _cBK | ||
| 999 |
_c34057 _d34057 |
||